00217nam a2200085Ia 4500008004100000041000800041100001800049245002700067260003700094231107s2005 xx 000 0 und d aeng aKasu Ahmed A. aInterior Design 3rd.Ed aMumbaibAshish Book Centrec2005